[Event "POL-ChT3"]
[Site "Lazy POL"]
[Date "2012.09.06"]
[Round "6"]
[White "Buksa, Ewelina"]
[Black "Gluszko, Monika"]
[Result "0-1"]
[WhiteElo "1533"]
[BlackElo "1990"]
[EventDate "2012.09.01"]
[PlyCount "70"]

1.e4 c5 2.Nf3 d6 3.d4 cxd4 4.Nxd4 Nf6 5.Nc3 e6 6.Be2 Be7 7.O-O a6 8.a4 b6 
9.f4 Bb7 10.Bf3 Qc7 11.Kh1 Nbd7 12.Bd2 O-O 13.Qe1 Nc5 14.e5 Ne8 15.Qg3 Rd8
16.Be3 f6 17.f5 exf5 18.Nxf5 dxe5 19.Bh5 Bd6 20.Bh6 Ne6 21.Rad1 Kh8 22.
Bxe8 Rfxe8 23.Nxd6 Rxd6 24.Rxd6 Qxd6 25.Rd1 Qc7 26.Be3 Rd8 27.Qe1 Kg8 28.
Rd2 Kf7 29.Qd1 Rxd2 30.Qxd2 Qc6 31.Kg1 b5 32.axb5 axb5 33.h3 Nd4 34.b4 
Qxc3 35.Qxc3 Ne2+ 0-1

[Event "POL-ChT3"]
[Site "Lazy POL"]
[Date "2012.09.06"]
[Round "6"]
[White "Joachimiak, Roman"]
[Black "Brzezinski, Mateusz"]
[Result "0-1"]
[WhiteElo "2055"]
[BlackElo "2108"]
[EventDate "2012.09.01"]
[PlyCount "96"]

1.d4 d5 2.Bf4 c6 3.c3 Nf6 4.Nf3 Bf5 5.Nbd2 e6 6.Nh4 Bg6 7.Nxg6 hxg6 8.Nf3 
Bd6 9.Bxd6 Qxd6 10.g3 Nbd7 11.Bg2 e5 12.dxe5 Nxe5 13.Qb3 Nxf3+ 14.Bxf3 Rb8
15.O-O-O Qc5 16.Rd4 a5 17.e4 dxe4 18.Bxe4 O-O 19.Bf3 b5 20.Rhd1 Qg5+ 21.
R4d2 c5 22.Qc2 c4 23.h4 Qc5 24.g4 g5 25.Bd5 gxh4 26.g5 Nxd5 27.Rxd5 Qc6 
28.R1d4 Rbe8 29.Rxh4 Re1+ 30.Rd1 Rxd1+ 31.Qxd1 Qg2 32.Qh5 Qf1+ 33.Kc2 
Qxf2+ 34.Kc1 Qf1+ 35.Kc2 Qf5+ 36.Kc1 f6 37.g6 Qxh5 38.Rxh5 f5 39.a4 bxa4 
40.Kb1 f4 41.Ka2 f3 42.Rh1 Rf5 43.Ka3 f2 44.Rf1 Kf8 45.Kxa4 Ke7 46.b4 cxb3
47.Kxb3 Kf6 48.c4 Kxg6 0-1

[Event "POL-ChT3"]
[Site "Lazy POL"]
[Date "2012.09.06"]
[Round "6"]
[White "Stoppel, Mariusz"]
[Black "Markowski, Piotr"]
[Result "0-1"]
[WhiteElo "2090"]
[BlackElo "2174"]
[EventDate "2012.09.01"]
[PlyCount "86"]

1.e4 c5 2.Nc3 Nc6 3.g3 g6 4.Bg2 Bg7 5.d3 e6 6.Nge2 Nge7 7.O-O O-O 8.Be3 
Nd4 9.Qd2 Nec6 10.f4 d6 11.Nd1 Nxe2+ 12.Qxe2 Rb8 13.c3 Qc7 14.Rc1 b6 15.
Qd2 f5 16.Nf2 Ne7 17.b4 Bb7 18.g4 Rbc8 19.bxc5 dxc5 20.Qe2 Qd7 21.Rfd1 Qa4
22.Bd2 Kh8 23.h3 Rfe8 24.e5 Bxg2 25.Kxg2 Qxa2 26.c4 Nc6 27.Qe3 Qa6 28.Bc3 
Qb7 29.Kg3 Red8 30.h4 fxg4 31.Nxg4 Ne7 32.Kh3 Nf5 33.Qf2 Nd4 34.Ra1 Rc7 
35.Bxd4 Rxd4 36.Qe3 Rf7 37.Rf1 h5 38.Nf6 Bxf6 39.exf6 Rxf6 40.f5 gxf5 41.
Qg5 Kh7 42.Kh2 Rg4 43.Qxh5+ Rh6 0-1

[Event "POL-ChT3"]
[Site "Lazy POL"]
[Date "2012.09.06"]
[Round "6"]
[White "Kozlowski, Tomasz"]
[Black "Mazalon, Mariusz"]
[Result "1-0"]
[WhiteElo "1947"]
[BlackElo "2000"]
[EventDate "2012.09.01"]
[PlyCount "55"]

1.b3 e5 2.Bb2 Nc6 3.e3 Nf6 4.Bb5 Bd6 5.d4 exd4 6.exd4 O-O 7.Nf3 Re8+ 8.Kf1
a6 9.Be2 Bf8 10.d5 Na7 11.c4 c5 12.Nc3 d6 13.h3 Bd7 14.g4 b5 15.Bd3 Rb8 
16.Qc2 g6 17.Ne2 bxc4 18.bxc4 Bg7 19.Rb1 Rf8 20.Kg2 Qc7 21.g5 Nh5 22.Bxg7 
Nxg7 23.Rxb8 Qxb8 24.h4 Ne8 25.h5 Bf5 26.Bxf5 gxf5 27.Re1 Qd8 28.Qxf5 1-0

[Event "POL-ChT3"]
[Site "Lazy POL"]
[Date "2012.09.06"]
[Round "6"]
[White "Wisniewski, Adam"]
[Black "Wojtkowski, Pawel"]
[Result "1-0"]
[WhiteElo "1956"]
[BlackElo "1963"]
[EventDate "2012.09.01"]
[PlyCount "97"]

1.e4 c5 2.c3 d5 3.exd5 Qxd5 4.d4 cxd4 5.cxd4 Nc6 6.Nf3 Bg4 7.Be2 e6 8.h3 
Bh5 9.O-O Rd8 10.Nc3 Qd7 11.Be3 Bd6 12.Ne5 Bxe5 13.dxe5 Qc7 14.Qb3 Bxe2 
15.Nxe2 Nge7 16.Rac1 Qxe5 17.Qxb7 Rb8 18.Qa6 Qb5 19.Qxb5 Rxb5 20.Nd4 Nxd4 
21.Bxd4 O-O 22.Rc7 Re8 23.Rfc1 Nf5 24.Bc3 Ra8 25.Rd1 Rd5 26.Rxd5 exd5 27.
Rd7 d4 28.Bxd4 Nxd4 29.Rxd4 h5 30.b4 Rc8 31.a4 Rc1+ 32.Kh2 Ra1 33.b5 g6 
34.Kg3 Kg7 35.Kf4 Ra2 36.Ke3 Kh6 37.g3 Ra3+ 38.Ke4 h4 39.gxh4 Rxh3 40.Kd5 
Rf3 41.Kc6 Rxf2 42.Kb7 f5 43.Kxa7 f4 44.b6 g5 45.hxg5+ Kxg5 46.b7 Rb2 47.
b8=Q Rxb8 48.Kxb8 f3 49.Rd2 1-0

[Event "POL-ChT3"]
[Site "Lazy POL"]
[Date "2012.09.06"]
[Round "6"]
[White "Skrzypczak, Michal"]
[Black "Marchlewicz, Damian"]
[Result "1/2-1/2"]
[WhiteElo "1990"]
[BlackElo "1936"]
[EventDate "2012.09.01"]
[PlyCount "163"]

1.b4 e5 2.Bb2 Bxb4 3.Bxe5 Nf6 4.Nc3 Nc6 5.Bxf6 Qxf6 6.Nd5 Qd6 7.Nxb4 Nxb4 
8.c3 Nd5 9.Nf3 O-O 10.g3 b5 11.Bg2 Bb7 12.O-O Rfe8 13.Re1 Nb6 14.Rb1 a6 
15.Qc2 Rab8 16.d3 c5 17.e4 Qc7 18.Re2 Re7 19.Nh4 d5 20.Nf5 Ree8 21.f4 dxe4
22.dxe4 Rbd8 23.h3 Nc4 24.Rbe1 Qd7 25.e5 Bxg2 26.Kxg2 Qd3 27.Qxd3 Rxd3 28.
a4 g6 29.Nh6+ Kg7 30.Ng4 Rxc3 31.axb5 axb5 32.Rd1 b4 33.Rd7 Re6 34.Nf6 
Ne3+ 35.Kf2 Nf5 36.g4 Ne7 37.Ne8+ Kf8 38.Nf6 Nc6 39.Rc7 Rd3 40.Nxh7+ Kg7 
41.Ng5 Nd4 42.Rxf7+ Kg8 43.Rd7 Re8 44.Ra2 b3 45.Ra6 Rd2+ 46.Kf1 Rd1+ 47.
Kf2 Rd2+ 48.Ke3 Re2+ 49.Kd3 c4+ 50.Kxc4 Rc2+ 51.Kd3 Nc6 52.Rb6 Rc1 53.Rd6 
Ne7 54.Rxb3 Rec8 55.Ne4 Rf1 56.Ke3 Kf8 57.Rf6+ Kg8 58.Re6 Nd5+ 59.Ke2 Rxf4
60.Nf6+ Nxf6 61.Rxf6 Re4+ 62.Re3 Rxe3+ 63.Kxe3 Rc3+ 64.Kf4 Rxh3 65.Rxg6+ 
Kf7 66.Ra6 Rh1 67.Kg5 Re1 68.Rf6+ Kg7 69.Rf5 Re4 70.Kh5 Re1 71.g5 Rh1+ 72.
Kg4 Rg1+ 73.Kf4 Re1 74.Rf6 Rf1+ 75.Ke4 Re1+ 76.Kf5 Rf1+ 77.Ke6 Rg1 78.g6 
Rb1 79.Ke7 Rb7+ 80.Ke6 Rb2 81.Kf5 Rf2+ 82.Ke6 1/2-1/2

[Event "POL-ChT3"]
[Site "Lazy POL"]
[Date "2012.09.06"]
[Round "6"]
[White "Paprocka, Renata"]
[Black "Kozlowska, Marzena"]
[Result "0-1"]
[WhiteElo "1985"]
[BlackElo "1913"]
[EventDate "2012.09.01"]
[PlyCount "118"]

1.d4 g6 2.Nf3 Bg7 3.c4 d6 4.Nc3 Nd7 5.e4 e5 6.Bg5 f6 7.Be3 Nh6 8.h3 O-O 9.
Qd2 Nf7 10.O-O-O c6 11.Bd3 a6 12.g4 b5 13.c5 Qa5 14.Kb1 b4 15.Ne2 dxc5 16.
dxc5 Nxc5 17.Bc4 Kh8 18.Qc2 Nd8 19.Nd2 Nce6 20.Nb3 Qc7 21.Nc5 a5 22.Rd3 
Re8 23.Na4 Rb8 24.Rhd1 Bf8 25.h4 c5 26.Bxe6 Nxe6 27.b3 Qc6 28.f3 Ba6 29.
Rd5 Rec8 30.Nb2 Qb5 31.Nc1 Bb7 32.Rd7 Nd4 33.Bxd4 cxd4 34.Rc7 Bd6 35.Rc4 
Ba6 36.Ncd3 Qd7 37.Rxc8+ Rxc8 38.Qd2 Rc3 39.h5 gxh5 40.gxh5 Qh3 41.Qh6 
Bxd3+ 42.Nxd3 Qxf3 43.Rg1 Rc7 44.Ka1 Rf7 45.Rc1 Bf8 46.Rc8 Kg8 47.Nc5 Qc3+
48.Kb1 Qxc5 49.Rxc5 Bxh6 50.Rxa5 Rd7 51.Kc2 d3+ 52.Kd1 Rc7 53.Ra8+ Kf7 54.
Ra7 Rxa7 55.a4 bxa3 56.Ke1 a2 57.Kf2 a1=Q 58.b4 Qd4+ 59.Kf3 d2 0-1

[Event "POL-ChT3"]
[Site "Lazy POL"]
[Date "2012.09.07"]
[Round "7"]
[White "Ciesla, Adam"]
[Black "Borkowski, Franciszek"]
[Result "0-1"]
[WhiteElo "2336"]
[BlackElo "2318"]
[EventDate "2012.09.01"]

1.e4 e5 2.Nf3 Nc6 3.d4 exd4 4.Bc4 Nf6 5.e5 d5 6.Bb5 Ne4 7.Nxd4 Bc5 8.Be3 
Bxd4 9.Qxd4 O-O 10.Bxc6 bxc6 11.f3 c5 12.Qa4 d4 13.Qc6 dxe3 14.Qxe4 Qd4 
15.Qxd4 cxd4 16.Na3 Ba6 17.O-O-O c5 18.Rhe1 Rfe8 19.c3 e2 20.Rd2 Rad8 21.
cxd4 cxd4 22.Nc2 d3 23.Nb4 Bb5 24.a4 a5 25.axb5 axb4 26.b6 Rxe5 27.b7 Red5
28.b3 g6 29.Ra2 d2+ 30.Rxd2 Rxd2 31.b8=Q Rd1+ 0-1

[Event "POL-ChT3"]
[Site "Lazy POL"]
[Date "2012.09.07"]
[Round "7"]
[White "Zyla, Janusz"]
[Black "Klekowski, Maciej"]
[Result "1/2-1/2"]
[WhiteElo "2199"]
[BlackElo "2332"]
[EventDate "2012.09.01"]

1.d4 Nf6 2.Nf3 e6 3.c4 d5 4.Nc3 Be7 5.Bg5 O-O 6.e3 h6 7.Bxf6 Bxf6 8.Qb3 c6
9.Be2 Nd7 10.O-O Be7 11.a4 Qa5 12.Rfd1 dxc4 13.Bxc4 Nb6 14.Be2 Rd8 15.Ne4 
Nd5 16.Ne5 Nb4 17.Nc5 Bxc5 18.Nc4 Qc7 19.dxc5 Nd5 20.a5 Rb8 21.Bf3 e5 22.
Nd6 Be6 23.Bxd5 cxd5 24.Qc3 f6 25.f4 b6 26.Nb5 Qxc5 27.Nxa7 Qxc3 28.bxc3 
Rd7 29.Nc6 Rc8 30.a6 Rxc6 31.a7 Rxa7 32.Rxa7 Rxc3 33.Re7 Rc6 34.Ra1 exf4 
35.exf4 d4 36.Ra8+ Kh7 37.Rd8 Rc1+ 38.Kf2 Rc2+ 39.Kf3 Rc3+ 40.Kf2 Rc2+ 41.
Kf3 Rc3+ 42.Ke4 Bh3 43.Rxd4 Bxg2+ 44.Kf5 Bh3+ 45.Ke4 Bg2+ 46.Kf5 1/2-1/2

[Event "POL-ChT3"]
[Site "Lazy POL"]
[Date "2012.09.07"]
[Round "7"]
[White "Flis, Jacek"]
[Black "Tworzydlo, Piotr"]
[Result "0-1"]
[WhiteElo "2256"]
[BlackElo "2104"]
[EventDate "2012.09.01"]

1.Nf3 c5 2.g3 Nf6 3.Bg2 g6 4.O-O Bg7 5.d3 O-O 6.e4 d6 7.Nc3 Nc6 8.h3 Rb8 
9.a4 a6 10.Be3 Re8 11.d4 Nd7 12.d5 Na5 13.Nd2 b5 14.axb5 axb5 15.Rb1 b4 
16.Ne2 Nb6 17.b3 e6 18.dxe6 Bxe6 19.Nf4 Bd7 20.Re1 Qc7 21.Kh2 Nc6 22.Nd3 
Nd4 23.Nc1 Bc6 24.Ne2 Nb5 25.Rc1 Rbd8 26.Nf4 Nc3 27.Qg4 Nxe4 28.Nxe4 f5 
29.Qd1 Bxe4 30.Bxe4 Rxe4 31.Nd5 Nxd5 32.Qxd5+ Qf7 33.Rcd1 Qxd5 34.Rxd5 Bd4
35.Rd1 Bxe3 36.fxe3 Rxe3 37.Rxc5 Re2+ 38.Kg1 dxc5 39.Rxd8+ Kg7 40.Rd7+ Kh6
41.Rc7 Rxc2 0-1

[Event "POL-ChT3"]
[Site "Lazy POL"]
[Date "2012.09.07"]
[Round "7"]
[White "Kolasinski, Krzysztof"]
[Black "Denderski, Piotr"]
[Result "1/2-1/2"]
[WhiteElo "1978"]
[BlackElo "2240"]
[EventDate "2012.09.01"]

1.Nf3 d5 2.c4 c6 3.b3 Bg4 4.Ne5 Bf5 5.d3 Nf6 6.Nd2 Nbd7 7.Nxd7 Qxd7 8.Bb2 
e6 9.Qc2 Bg6 10.g3 d4 11.Bg2 Bc5 12.a3 e5 13.b4 Bd6 14.O-O O-O 15.Rfc1 
Rac8 16.Qb3 Bb8 17.a4 Bf5 18.Rab1 Rfe8 19.Nf3 h6 20.a5 Bh3 21.Bh1 Be6 22.
Qc2 Re7 23.Qa4 Bf5 24.Qb3 Be6 25.Qa4 Bf5 26.Qb3 Be6 27.Qa4 Bf5 1/2-1/2

[Event "POL-ChT3"]
[Site "Lazy POL"]
[Date "2012.09.07"]
[Round "7"]
[White "Paszewski, Mateusz"]
[Black "Bienias, Piotr"]
[Result "0-1"]
[WhiteElo "2063"]
[BlackElo "1769"]
[EventDate "2012.09.01"]

1.c4 Nf6 2.g3 g6 3.Bg2 Bg7 4.Nc3 d6 5.e3 O-O 6.Nge2 e5 7.O-O c6 8.Rb1 Be6 
9.d3 d5 10.cxd5 Nxd5 11.a3 Nd7 12.Nxd5 Bxd5 13.Bxd5 cxd5 14.d4 e4 15.Qb3 
Nb6 16.Bd2 Qd7 17.Rfc1 g5 18.Kg2 Rfe8 19.Qd1 Re6 20.b3 Bf8 21.a4 Rh6 22.
Ng1 f5 23.Ba5 Qf7 24.Bxb6 axb6 25.h3 Bd6 26.Rc3 Re8 27.Kf1 f4 28.exf4 gxf4
29.gxf4 Bxf4 30.Ne2 Bd6 31.Qc1 Rf6 32.Qg5+ Kh8 33.Qh4 Rf8 34.f4 exf3 35.
Ng3 Bxg3 36.Qxg3 Rg8 37.Qe5 Qg7 38.Ke1 Qg1+ 39.Kd2 Rg2+ 0-1

[Event "POL-ChT3"]
[Site "Lazy POL"]
[Date "2012.09.07"]
[Round "7"]
[White "Barburzynska, Magdalena"]
[Black "Warakomska, Anna"]
[Result "0-1"]
[WhiteElo "1913"]
[BlackElo "2136"]
[EventDate "2012.09.01"]

1.e4 e5 2.f4 exf4 3.Nf3 Ne7 4.d4 d5 5.e5 Ng6 6.h4 h5 7.Bd3 Be7 8.Bxg6 fxg6
9.Bxf4 Rf8 10.Qd2 Bg4 11.Ng5 Qd7 12.Nc3 Nc6 13.O-O Nd8 14.Qd3 Bf5 15.Qf3 
c6 16.e6 Nxe6 17.Nxe6 Bxe6 18.Qe3 Bf6 19.Rae1 Kf7 20.Be5 Bf5 21.Ne2 Bxh4 
22.g3 Bf6 23.Nf4 Bg5 24.Qb3 Bxf4 25.Bxf4 Rae8 26.Re5 Kg8 27.Qa3 Be4 28.Rf2
Qh3 29.Rh2 Qg4 30.Rxe8 Qd1+ 31.Kf2 Rxe8 32.Qe3 g5 33.Bxg5 Rf8+ 34.Bf4 
Qxc2+ 35.Kg1 Qd1+ 36.Kf2 g5 37.Qe1 Qf3+ 38.Kg1 gxf4 39.g4 Qxg4+ 40.Kf1 
Bd3+ 0-1

[Event "POL-ChT3"]
[Site "Lazy POL"]
[Date "2012.09.07"]
[Round "7"]
[White "Pakleza, Zbigniew"]
[Black "Sopur, Lech"]
[Result "1-0"]
[WhiteElo "2475"]
[BlackElo "2423"]
[EventDate "2012.09.01"]

1.d4 Nf6 2.Nf3 b6 3.Bf4 Bb7 4.e3 g6 5.Be2 Bg7 6.O-O O-O 7.h3 c5 8.c3 d5 9.
Nbd2 Nc6 10.Qa4 Nd7 11.Ba6 Qc8 12.Bxb7 Qxb7 13.Qb3 e5 14.dxe5 Ncxe5 15.
Bxe5 Bxe5 16.c4 d4 17.Nxe5 Nxe5 18.exd4 cxd4 19.Rfe1 Qc7 20.Qg3 Rae8 21.
Re4 f5 22.Rxd4 Qg7 23.Qc3 Nc6 24.Rd6 Qxc3 25.bxc3 Rd8 26.Rxc6 Rxd2 27.c5 
bxc5 28.a4 Rf7 29.Rxc5 Re7 30.Rb1 Kg7 31.Rc4 Rc2 32.h4 Kf6 33.Rc6+ Kg7 34.
Rb5 Rd7 35.a5 a6 36.Rxa6 Rxc3 37.Rab6 Rd1+ 38.Kh2 Ra1 39.h5 Ra4 40.g3 Ra2 
41.h6+ Kxh6 42.Rxf5 Rca3 43.Ra6 Ra4 44.Kh3 Rc2 45.Rf7 Rc5 46.Raa7 Raxa5 
47.Rxh7+ Kg5 48.Raf7 Rc7 1-0

[Event "POL-ChT3"]
[Site "Lazy POL"]
[Date "2012.09.07"]
[Round "7"]
[White "Walkusz, Witoslaw"]
[Black "Jedynak, Radoslaw"]
[Result "1/2-1/2"]
[WhiteElo "2126"]
[BlackElo "2492"]
[EventDate "2012.09.01"]

1.e4 e6 2.d4 d5 3.Nc3 Bb4 4.Qd3 dxe4 5.Qxe4 Bxc3+ 6.bxc3 Nf6 7.Qh4 b6 8.
Nf3 Bb7 9.Bg5 Bxf3 10.gxf3 h6 11.O-O-O c6 12.c4 Nbd7 13.d5 Qc7 14.dxe6 
fxe6 15.Bxf6 Nxf6 16.Bh3 Kf7 17.Qg3 Qxg3 18.fxg3 Rad8 19.c5 bxc5 20.Rhe1 
Rxd1+ 21.Rxd1 Nd5 22.c4 Nc3 23.Rd7+ Kf6 24.Rxa7 Rd8 25.f4 g5 26.Kc2 Ne2 
27.fxg5+ hxg5 28.Bg4 Nd4+ 29.Kc3 Rh8 30.h3 Nf5 31.Rc7 Ra8 32.Rxc6 Rxa2 33.
Rxc5 Nxg3 34.Rc6 Nf5 35.c5 Ke5 36.Rc8 Ra1 37.Rg8 Kd5 38.Rxg5 Kxc5 39.Bxf5 
exf5 40.Rxf5+ Kd6 41.Rh5 Ke6 1/2-1/2

[Event "POL-ChT3"]
[Site "Lazy POL"]
[Date "2012.09.07"]
[Round "7"]
[White "Czakon, Jakub"]
[Black "Kanarkiewicz, Michal"]
[Result "1-0"]
[WhiteElo "2486"]
[BlackElo "2096"]
[EventDate "2012.09.01"]

1.Nf3 Nf6 2.c4 g6 3.Nc3 Bg7 4.d4 d6 5.Bg5 O-O 6.e3 Nbd7 7.Be2 c6 8.O-O Qc7
9.Qc2 e5 10.Rfd1 Re8 11.dxe5 dxe5 12.Nd2 Nf8 13.c5 Bf5 14.Qa4 N8d7 15.b4 
b6 16.Nc4 bxc5 17.Nd6 Reb8 18.b5 Nb6 19.Qa5 Nfd5 20.Nxf5 gxf5 21.bxc6 Nxc3
22.Qxc3 Qxc6 23.Rac1 c4 24.Bxc4 Qxc4 25.Qxc4 Nxc4 26.Rxc4 Rc8 27.Ra4 Rc7 
28.h3 Rac8 29.Rd5 h6 30.Bd8 Rb7 31.g4 fxg4 32.hxg4 f6 33.Ra6 Rf7 34.Kg2 
Rc2 35.Rdd6 f5 36.gxf5 Rxf5 37.Bh4 Rf7 38.Rd8+ Kh7 39.Re8 Rb2 40.a4 Rb6 
41.Rxb6 axb6 42.Re7 Rf8 43.Rb7 Kg6 44.Rxb6+ Kh5 45.Bg3 Ra8 46.Rb5 Rxa4 47.
Bxe5 Bxe5 48.Rxe5+ Kg6 49.f4 Kf6 50.Kf3 Rb4 51.Ra5 Rc4 52.e4 Rc6 53.Kg4 
Kg6 54.f5+ Kg7 55.Kf4 Rc7 56.Ra6 Rb7 57.Rg6+ Kh7 58.Rg1 1-0

[Event "POL-ChT3"]
[Site "Lazy POL"]
[Date "2012.09.07"]
[Round "7"]
[White "Zdrojewski, Wojciech"]
[Black "Szoen, Dariusz"]
[Result "0-1"]
[WhiteElo "2166"]
[BlackElo "2418"]
[EventDate "2012.09.01"]

1.d4 g6 2.Nf3 Nf6 3.c4 Bg7 4.Nc3 d6 5.e4 O-O 6.Be2 e5 7.d5 Na6 8.Rb1 Nc5 
9.Qc2 Ncxe4 10.Nxe4 Nxe4 11.b4 f5 12.O-O a5 13.a3 axb4 14.axb4 Bd7 15.c5 
Qe7 16.Bc4 Kh8 17.cxd6 cxd6 18.Qb3 Rfc8 0-1

[Event "POL-ChT3"]
[Site "Lazy POL"]
[Date "2012.09.07"]
[Round "7"]
[White "Gluszko, Tomasz"]
[Black "Lewandowski, Miroslaw"]
[Result "1-0"]
[WhiteElo "2169"]
[BlackElo "2042"]
[EventDate "2012.09.01"]

1.d4 Nf6 2.c4 c5 3.Nf3 g6 4.Nc3 Bg7 5.e4 cxd4 6.Nxd4 d6 7.Be2 O-O 8.O-O 
Nc6 9.Nc2 Ne5 10.Ne3 Be6 11.Bd2 Rc8 12.b3 a6 13.Rc1 Nc6 14.Ned5 Nd7 15.Bg5
Qe8 16.Qd2 f6 17.Be3 Bf7 18.Rfe1 Qd8 19.Bg4 e6 20.Nf4 f5 21.exf5 gxf5 22.
Bh5 e5 23.Bxf7+ Rxf7 24.Ne6 Qe7 25.Nxg7 Rxg7 26.Rcd1 Rg6 27.f4 Kh8 28.Nd5 
Qg7 29.Kh1 Rg8 30.Re2 Nf6 31.Nxf6 Qxf6 32.c5 Rd8 33.Qb2 dxc5 34.Rxd8+ Qxd8
35.Bxc5 Qd5 36.Bg1 Kg8 37.fxe5 Re6 38.Qc1 Nxe5 39.Qg5+ Ng6 40.Rd2 Qe4 1-0

[Event "POL-ChT3"]
[Site "Lazy POL"]
[Date "2012.09.07"]
[Round "7"]
[White "Butkiewicz, Lukasz"]
[Black "Tazbir, Marcin"]
[Result "1/2-1/2"]
[WhiteElo "2390"]
[BlackElo "2554"]
[EventDate "2012.09.01"]

1.e4 c5 2.Nf3 d6 3.d4 cxd4 4.Nxd4 Nf6 5.Nc3 Nc6 6.Be2 g6 7.Be3 Bg7 8.O-O 
O-O 9.Nb3 a5 10.a4 Nb4 11.f4 Be6 12.Nd4 Bd7 13.Bf3 Bc6 14.Qe2 Nd7 15.Nd5 
Bxd5 16.exd5 Nf6 17.c4 Nd7 18.f5 Nc5 19.Ra3 Qe8 20.Nb5 Nba6 21.Bg5 Be5 22.
Bh6 Nd7 23.Re3 Qd8 24.Bxf8 Qxf8 25.Bg4 g5 26.f6 Nxf6 27.Bf5 Qg7 28.g4 Ne8 
29.b3 Nec7 30.Nxc7 Nxc7 31.Rh3 h6 32.Kh1 b6 33.Qe3 Rb8 34.Rhf3 Ne8 35.Bc2 
Nf6 36.Qd3 Rd8 37.Qf5 Nd7 38.Re1 Bf6 39.Kg2 Ne5 40.Rff1 Ng6 41.Kh1 1/2-1/2

[Event "POL-ChT3"]
[Site "Lazy POL"]
[Date "2012.09.07"]
[Round "7"]
[White "Mikrut, Dariusz"]
[Black "Lercel, Michal"]
[Result "1-0"]
[WhiteElo "2355"]
[BlackElo "2173"]
[EventDate "2012.09.01"]

1.e4 e5 2.Nf3 Nc6 3.Bb5 a6 4.Ba4 Nf6 5.d3 b5 6.Bb3 Bc5 7.Nc3 h6 8.a4 Rb8 
9.axb5 axb5 10.O-O d6 11.Nd5 Nxd5 12.Bxd5 Ne7 13.Bb3 O-O 14.c3 Bb6 15.d4 
exd4 16.Nxd4 Bd7 17.Qh5 c5 18.Nf3 c4 19.Bc2 Ng6 20.e5 Nxe5 21.Nxe5 dxe5 
22.Qxe5 Re8 23.Qg3 Qf6 24.Bf4 Rbd8 25.Rae1 Kh8 26.Be3 Bxe3 27.Rxe3 Rxe3 
28.Qxe3 Bf5 29.Bd1 Bd3 30.Re1 Qg5 31.f4 Qh4 32.Bf3 Rd6 33.Qe5 Re6 34.Qb8+ 
Kh7 35.Rxe6 fxe6 36.g3 Qh3 37.Bg2 Qg4 38.Qe5 Qd1+ 39.Kf2 Qd2+ 40.Kg1 Qc1+ 
41.Kf2 Qxb2+ 42.Kg1 Qa1+ 43.Kf2 Qb2+ 44.Kg1 Qa1+ 45.Kf2 Qa7+ 46.Kf3 Qa8+ 
47.Kf2 Qa2+ 48.Kg1 Qb1+ 49.Kf2 Qc2+ 50.Kg1 b4 51.cxb4 c3 52.Qxe6 Bf5 53.
Qe3 Qd3 54.Qc5 c2 55.Bf1 Qe4 56.Kf2 Bg4 57.Qc3 h5 58.Bd3 1-0

[Event "POL-ChT3"]
[Site "Lazy POL"]
[Date "2012.09.07"]
[Round "7"]
[White "Gomulka, Jaroslaw"]
[Black "Brzeski, Maciej"]
[Result "0-1"]
[WhiteElo "2107"]
[BlackElo "2314"]
[EventDate "2012.09.01"]

1.c4 g6 2.Nc3 Bg7 3.g3 e5 4.Bg2 f5 5.d3 d6 6.e3 Nf6 7.Nge2 O-O 8.O-O c6 9.
Rb1 a5 10.a3 Be6 11.b4 axb4 12.axb4 Nbd7 13.Bb2 d5 14.cxd5 Nxd5 15.Nxd5 
Bxd5 16.Bxd5+ cxd5 17.Qb3 Nb6 18.Ra1 Qd7 19.Nc3 Kh8 20.Ra5 f4 21.Rxa8 Rxa8
22.Qd1 Rf8 23.Qf3 fxe3 24.Qxe3 d4 0-1

[Event "POL-ChT3"]
[Site "Lazy POL"]
[Date "2012.09.07"]
[Round "7"]
[White "Barski, Radoslaw"]
[Black "Stepien, Marcin"]
[Result "0-1"]
[WhiteElo "2241"]
[BlackElo "2132"]
[EventDate "2012.09.01"]

1.e4 e6 2.d4 d5 3.Nd2 c5 4.Ngf3 Nf6 5.e5 Nfd7 6.dxc5 Nc6 7.Bb5 Bxc5 8.Qe2 
O-O 9.O-O a6 10.Bd3 Nb4 11.Nb3 Be7 12.Bf4 Nxd3 13.cxd3 Nc5 14.Nbd4 Bd7 15.
b3 Rc8 16.Qe3 a5 17.g4 Na6 18.g5 Bc5 19.Qe2 Nb4 20.h4 Nc6 21.Nxc6 Bxc6 22.
d4 Ba3 23.Bc1 Be7 24.Nh2 Qb6 25.Be3 Bb5 26.Qh5 Bxf1 27.Rxf1 Qb5 28.Rd1 Rc2
29.a4 Qe2 30.Qxe2 Rxe2 31.Rc1 Rb2 32.Rc7 Bb4 33.Rxb7 Rxb3 34.h5 Ra3 35.Ng4
Rxa4 36.h6 Bc3 37.g6 Bxd4 38.hxg7 Kxg7 39.Bh6+ Kxg6 40.Bxf8 h5 41.Ne3 Bxe5
42.Rb3 Ra2 43.Rd3 Bf4 44.Nd1 Rd2 45.Rxd2 Bxd2 46.Ba3 e5 47.Kf1 d4 48.Ke2 
Bb4 49.Bc1 a4 50.f4 e4 51.Bb2 Bc5 0-1

[Event "POL-ChT3"]
[Site "Lazy POL"]
[Date "2012.09.07"]
[Round "7"]
[White "Zareba, Radoslaw"]
[Black "Slabek, Grzegorz"]
[Result "1-0"]
[WhiteElo "2049"]
[BlackElo "2105"]
[EventDate "2012.09.01"]

1.e4 g6 2.d4 Bg7 3.Nc3 d5 4.exd5 Nf6 5.Bc4 Nbd7 6.Nge2 Nb6 7.Bb3 Nfxd5 8.
Nxd5 Nxd5 9.c4 Nb6 10.Be3 O-O 11.O-O c6 12.Qd2 e5 13.d5 cxd5 14.cxd5 Nd7 
15.Rfd1 b6 16.Rac1 Ba6 17.d6 Rc8 18.Ng3 Nc5 19.Bxc5 bxc5 20.Qd5 Qd7 21.
Rxc5 Bb7 22.Qc4 Rxc5 23.Qxc5 Rd8 24.Bd5 Bxd5 25.Qxd5 h6 26.Ne4 Qf5 27.d7 
Bf8 28.Nc3 Be7 29.Nb5 Qc2 30.Nxa7 Bc5 31.Nc6 Bd4 32.Rf1 Qd2 33.Nxd4 Qxd4 
34.Rd1 Qxb2 35.h3 Qc2 36.Rd2 Qc1+ 37.Kh2 e4 38.a4 Qc7+ 39.g3 Qc3 40.a5 e3 
41.fxe3 Qxe3 42.a6 Qb6 43.Qd6 Qa5 44.Re2 Qa4 45.Rd2 Qa5 46.h4 h5 47.Rc2 
Qf5 48.Rd2 Qa5 49.Kg2 Qa4 50.Qe7 Qa5 51.Qd6 Qa4 52.Qc7 Qe4+ 53.Kh2 Qa8 54.
a7 1-0

[Event "POL-ChT3"]
[Site "Lazy POL"]
[Date "2012.09.07"]
[Round "7"]
[White "Gosciniak, Maria"]
[Black "Krokay, Urszula"]
[Result "1-0"]
[WhiteElo "2135"]
[BlackElo "1868"]
[EventDate "2012.09.01"]

1.e4 e5 2.Nf3 Nc6 3.Bb5 a6 4.Ba4 Nf6 5.O-O Be7 6.Re1 b5 7.Bb3 O-O 8.d4 
exd4 9.e5 Ne8 10.Nxd4 Nxd4 11.Qxd4 c5 12.Qe4 Nc7 13.c3 d5 14.Qe2 f6 15.Bf4
Ne6 16.exf6 Bxf6 17.Bg3 Ra7 18.Bc2 Re7 19.Nd2 c4 20.Qd1 b4 21.cxb4 Bxb2 
22.Rb1 Bc3 23.Bxh7+ Kxh7 24.Qc2+ Kg8 25.Qxc3 Nf4 26.Bxf4 Rxf4 27.Nf3 Rfe4 
28.Rxe4 Rxe4 29.a4 Be6 30.Qc1 Bf5 31.b5 axb5 32.axb5 Qb6 33.Qd1 d4 34.Ra1 
Kf8 35.Ng5 Rg4 36.Ra8+ Ke7 37.Qe1+ Be6 38.Nxe6 Kf7 39.Rf8+ Kg6 40.Nf4+ 
Rxf4 41.Rxf4 c3 42.Qe8+ 1-0

[Event "POL-ChT3"]
[Site "Lazy POL"]
[Date "2012.09.07"]
[Round "7"]
[White "Jurkiewicz, Krzysztof"]
[Black "Jaworski, Miroslaw"]
[Result "1-0"]
[WhiteElo "2314"]
[BlackElo "2307"]
[EventDate "2012.09.01"]
[PlyCount "129"]

1.c4 e5 2.Nc3 Nf6 3.g3 d5 4.cxd5 Nxd5 5.Bg2 Nb6 6.Nf3 Nc6 7.O-O Be7 8.d3 
O-O 9.a3 Be6 10.b4 f6 11.Be3 a5 12.b5 Nd4 13.Bxd4 exd4 14.Na4 Qd7 15.Nxb6 
cxb6 16.Qa4 Rad8 17.Nd2 Rfe8 18.Nc4 Bc5 19.Qc2 Qxb5 20.Bxb7 Qd7 21.Bf3 a4 
22.Rfb1 Rb8 23.Rb2 Rec8 24.Qb1 Qa7 25.Rb5 Kh8 26.Qa2 Bd7 27.Rb2 b5 28.Nd2 
Be8 29.Bd5 Bf8 30.Rc2 Rxc2 31.Qxc2 Qc5 32.Qa2 Rd8 33.Be6 f5 34.Nf3 Be7 35.
Qb2 Bh5 36.Rb1 Bxf3 37.exf3 Rb8 38.Bd7 Qc3 39.Qe2 Qxa3 40.Rxb5 Rxb5 41.
Bxb5 Qd6 42.Bxa4 g6 43.Bb3 Kg7 44.Bc4 Qd7 45.Qe5+ Bf6 46.Qb8 Qd8 47.Qb7+ 
Qe7 48.Qd5 Qd8 49.Qf7+ Kh6 50.Kg2 Qe7 51.Qg8 Qd8 52.Qe6 Qe7 53.Qc6 Kg7 54.
h3 Kh6 55.f4 Kg7 56.g4 fxg4 57.hxg4 g5 58.fxg5 Bxg5 59.Qd5 Qf6 60.Qg8+ Kh6
61.Be6 Qg7 62.Qb8 Qf6 63.Bf5 Qf7 64.Qh2+ Bh4 65.Qf4+ 1-0

[Event "POL-ChT3"]
[Site "Lazy POL"]
[Date "2012.09.07"]
[Round "7"]
[White "Obrusnik, Michal"]
[Black "Zielinski, Maciej"]
[Result "1-0"]
[WhiteElo "2239"]
[BlackElo "2073"]
[EventDate "2012.09.01"]
[PlyCount "83"]

1.Nc3 e5 2.Nf3 Nc6 3.d4 exd4 4.Nxd4 Nf6 5.Bg5 Nxd4 6.Qxd4 Be7 7.e4 d6 8.
O-O-O O-O 9.e5 Ne8 10.Bxe7 Qxe7 11.exd6 Qxd6 12.Qxd6 Nxd6 13.Nd5 Ne4 14.
Rd4 Nxf2 15.Rg1 Kh8 16.Nxc7 Rb8 17.Be2 h5 18.Bxh5 g6 19.Be2 Bf5 20.g4 Be6 
21.Rf1 Nh3 22.Rd3 Ng5 23.h4 Rbc8 24.Nxe6 Nxe6 25.Rd7 Nd8 26.Bd3 Kg7 27.g5 
Ne6 28.Rf6 Nc5 29.Rxg6+ Kh8 30.Rh6+ Kg7 31.Rd5 Nxd3+ 32.Rxd3 Rh8 33.Rxh8 
Rxh8 34.Rd7 Rxh4 35.Rxb7 Ra4 36.a3 Ra5 37.Kd2 Kg6 38.c4 Rc5 39.Kc3 a5 40.
Rb5 Rxg5 41.Rxg5+ Kxg5 42.c5 1-0

[Event "POL-ChT3"]
[Site "Lazy POL"]
[Date "2012.09.07"]
[Round "7"]
[White "Zielinski, Stanislaw"]
[Black "Helis, Tadeusz"]
[Result "0-1"]
[WhiteElo "2133"]
[BlackElo "2235"]
[EventDate "2012.09.01"]
[PlyCount "92"]

1.Nf3 Nf6 2.g3 g6 3.Bg2 Bg7 4.O-O c5 5.d3 O-O 6.c4 Nc6 7.Nc3 a6 8.e4 d6 9.
h3 Rb8 10.a4 Ne8 11.Nh4 Nc7 12.f4 Ne6 13.Nf3 Ned4 14.Nxd4 Nxd4 15.Bd2 b5 
16.axb5 axb5 17.cxb5 Be6 18.Ra3 Nxb5 19.Nxb5 Rxb5 20.Bc3 Qb6 21.Kh2 Bxc3 
22.bxc3 Rb2 23.Qa1 Rb8 24.Ra8 Qb7 25.Rxb8+ Qxb8 26.g4 d5 27.Kg1 dxe4 28.
Bxe4 Kg7 29.c4 f6 30.Qa8 Qd6 31.Bd5 Bxd5 32.Qxd5 Qxd5 33.cxd5 Rb4 34.Re1 
Kf7 35.Rc1 Rxf4 36.Rxc5 Rd4 37.Rc3 Rxd5 38.Kf2 h5 39.Ra3 hxg4 40.hxg4 Rd4 
41.Kf3 Kg7 42.Ra7 Rxd3+ 43.Ke4 Rb3 44.Rxe7+ Kh6 45.Ra7 Rb4+ 46.Ke3 Rxg4 
0-1